000 00409nam a22001337a 4500
040 _cNUST
082 _a220 PRO
100 _aEhtisham ul Haq Momin Adnan Muzammil Sohail
_9127858
110 _aProject Supervisor Dr Taosif Iqbal
245 _aPR-SOF-2396-Multi Terminal EV Charging Station with PV Support
260 _aISLAMABAD:
_bNUST COLLEGE OF EME,
_c2024.
650 _2DE-ELECT-42
942 _2ddc
_cPR
999 _c612884
_d612884